|
|
|
|
| LEADER |
00000nam a2200000 a 4500 |
| 001 |
vtls001249853 |
| 003 |
SK-MaSNL |
| 005 |
20260302032121.0 |
| 008 |
960510s1994 xo ob g f 00000 fre |
| 035 |
|
|
|a SNK000200672
|
| 040 |
|
|
|a SNK
|b slo
|c SNK
|e AACR2
|
| 041 |
0 |
|
|a fre
|
| 043 |
|
|
|a e-xo---
|
| 044 |
|
|
|a xo
|c SK
|
| 072 |
|
7 |
|a 913(4)
|x Geografia Európy, reálie, cestovanie
|2 konspekt
|
| 080 |
|
|
|a 913:338.483.1
|2 2001
|
| 080 |
|
|
|a 913(437.6-15)
|2 2001
|
| 080 |
|
|
|a (036)
|2 2001
|
| 245 |
0 |
0 |
|a Slovaquie de l'Ouest
|
| 260 |
|
|
|a Bratislava
|b Ministére de l'Economie de la République Slovaque
|b REBLOK & MAXUM
|c 1994
|
| 300 |
|
|
|a [8] s., [1] voľ. príl.
|b fotogr., mp.
|c 30 cm
|
| 500 |
|
|
|a Názov z obalu
|
| 650 |
0 |
7 |
|a turistické zaujímavosti
|2 SNKPH
|9 73869
|
| 651 |
|
7 |
|a Slovensko západné
|2 SNKPH
|9 161137
|
| 655 |
|
7 |
|a informačné publikácie
|2 SNKPH
|9 70181
|
| 999 |
|
|
|c 1055067
|d 1056997
|
| 952 |
|
|
|a SNK
|b SNK
|y PREZ
|7 0
|p 17A0464291
|o snkOSB 14299
|i snk2005/8590
|8 1
|0 0
|1 0
|4 0
|d 2005-05-20
|l 0
|r 2026-02-24 15:09:27
|w 2026-02-24
|